| 000 | 01342cam a22002893a 4500 | ||
|---|---|---|---|
| 001 | 20755 | ||
| 003 | PGUSA | ||
| 005 | 20140828083437.0 | ||
| 008 | 070306s2007||||xxu|||||s|||||000 e eng d | ||
| 040 |
_aPGUSA _beng |
||
| 042 | _adc | ||
| 050 | 4 | _aAC | |
| 050 | 4 | _aPR | |
| 100 | 1 |
_aFroude, James Anthony, _d1818-1894 |
|
| 245 | 1 | 0 |
_aShort Studies on Great Subjects _h[electronic resource] / _cJames Anthony Froude |
| 260 |
_bProject Gutenberg, _c2007 |
||
| 505 | 0 | _aThe science of history -- Times of Erasmus and Luther -- The influence of the reformation on the Scottish character -- The philosophy of Catholicism -- A plea for the free discussion of theological difficulties -- Criticism and the gospel history -- The book of Job -- Spinoza -- The dissolution of the monasteries -- England's forgotten worthies -- Homer -- The lives of the saints -- Representative men -- Reynard the Fox -- The cat's pilgrimage -- Fables: I. The lions and the oxen. II. The farmer and the fox -- Parable of the bread-fruit tree -- Compensation. | |
| 506 | _aPublic domain in the USA. | ||
| 516 | _aElectronic text | ||
| 653 | _aEnglish literature | ||
| 653 | _aReligion -- Biography | ||
| 653 | _aEnglish essays | ||
| 653 | _aHistory | ||
| 830 | 0 |
_aProject Gutenberg _v20755 |
|
| 856 | 4 | 0 | _uhttp://www.gutenberg.org/ebooks/20755 |
| 942 | _cEB | ||
| 999 |
_c250010 _d250010 |
||